A time to laugh /

Bibliographic Details
Main Author: Davies, Rhys, 1901-1978
Format: Book
Language:English
Published: London : William Heinemann Ltd., 1937.

MARC

Tag First Indicator Second Indicator Subfields
LEADER 00000cam a2200000Ia 4500
001 in00002082321
005 20151102132920.0
008 771024s1937 enk 000 1 eng d
035 |a (OCoLC)ocm03362751 
040 |a KSU  |c KSU  |d TXA  |d UtOrBLW 
049 |a TXAM 
090 |a PR6007.A78  |b T55 1937 
100 1 |a Davies, Rhys,  |d 1901-1978. 
245 1 2 |a A time to laugh /  |c by Rhys Davies. 
264 1 |a London :  |b William Heinemann Ltd.,  |c 1937. 
300 |a 432 pages ;  |c 19.6 cm. 
336 |a text  |b txt  |2 rdacontent 
337 |a unmediated  |b n  |2 rdamedia 
338 |a volume  |b nc  |2 rdacarrier 
500 |a Cushing Library Lit./Mitchell copy is inscribed by the author. 
994 |a C0  |b TXA 
948 |a cataloged  |b h  |c 2005/10/5  |d c  |e mzajicek  |f 11:31:41 am 
999 |a MARS 
999 f f |s fc7b3354-2130-345f-92ea-f71820a1fb38  |i 3a36e7cd-544a-32d5-96bf-40f03c8a29ff  |t 0 
952 f f |p noncirc  |a Texas A&M University  |b College Station  |c Cushing Memorial Library & Archives  |d Cushing: Literature/Mitchell (Does not check out)  |t 0  |e PR6007.A78 T55 1937  |h Library of Congress classification  |i unmediated -- volume 
998 f f |a PR6007.A78 T55 1937  |t 0  |l Cushing: Literature/Mitchell (Does not check out)